Characters in Shakespeare's Hamlet Quiz Stats

 Plays Quiz Updated Jun 7, 2019

Score 0/18 Timer 06:00
0 Plays Today
Role Name % Correct
A Prince of Denmark, nephew to the KingHamlet
99.6%
Daughter of the Lord ChamberlainOphelia
88.5%
Lord Chamberlain of DenmarkPolonius
71.7%
The King of DenmarkClaudius
71.3%
The Queen of DenmarkGertrude
69.9%
A courtierRosencrantz
66.7%
Son of the Lord ChamberlainLaertes
65.3%
Close friend of the Prince of DenmarkHoratio
65.1%
A courtierGuildenstern
64.6%
Role Name % Correct
The Prince of NorwayFortinbras
53%
The late King of DenmarkKing Hamlet (Ghost)
50.5%
A courtierOsric
19.6%
A soldierBernardo
19.4%
A Danish officerMarcellus
19.1%
A servant of the Lord ChamberlainReynaldo
12.8%
A soldierFrancisco
12.8%
A courtierVoltimand
11.7%
A courtierCornelius
11.2%

You're not logged in!

Compare scores with friends on all Sporcle quizzes.
OR
Log In

Sporcle TV

Today on Sporcle TV


Watch our educational content, quiz creation guides, and fun videos on Sporcle TV.

Show Comments

Extras

Top Quizzes Today


Score Distribution

Your Account Isn't Verified!

In order to create a playlist on Sporcle, you need to verify the email address you used during registration. Go to your Sporcle Settings to finish the process.

Report this User

Report this user for behavior that violates our Community Guidelines.

Details: